An Introduction to chemistry for biology students

Wedi'i Gadw mewn:
Manylion Llyfryddiaeth
Prif Awdur: GEORGE I SACKHEIM
Fformat: Llyfr
Iaith:Undetermined
Cyhoeddwyd: Menlo Park, California Addison Wesley Longman 1998
Pynciau:
Tagiau: Ychwanegu Tag
Dim Tagiau, Byddwch y cyntaf i dagio'r cofnod hwn!
Thư viện lưu trữ: Trung tâm Học liệu Trường Đại học Cần Thơ
LEADER 00512nam a2200169Ia 4500
001 CTU_48903
008 210402s9999 xx 000 0 und d
082 |a 540.77 
082 |b S121 
100 |a GEORGE I SACKHEIM 
245 3 |a An Introduction to chemistry for biology students 
245 0 |c GEORGE I SACKHEIM 
260 |a Menlo Park, California 
260 |b Addison Wesley Longman 
260 |c 1998 
650 |a chemistry - programmed instruction 
980 |a Trung tâm Học liệu Trường Đại học Cần Thơ